[Event "SVK-chT1E 9899"]
[Site "SVK"]
[Date "1999.??.??"]
[Round "8"]
[White "Hagara, Eduard"]
[Black "Profant, Tibor"]
[Result "1-0"]
[WhiteElo "2215"]
[BlackElo "2060"]

1.e4 d6 2.d4 Nf6 3.Nc3 c6 4.Nf3 Bg4 5.h3 Bh5 6.Qe2 e6 7.g4 Bg6 8.Bg5 Be7
9.Bxf6 Bxf6 10.h4 h5 11.g5 Be7 12.Bh3 Nd7 13.O-O-O d5 14.Rhe1 dxe4 15.Nxe4 Qa5
16.d5 cxd5 17.Bxe6 fxe6 18.Nd6+ Bxd6 19.Qxe6+ Kd8 20.Qxd6 Qb6 21.Qe7+ Kc8
22.Re3 Bf5 23.Rc3+ Kb8 24.Ne5 Rd8 25.Nxd7+ Rxd7 26.Qe8+ Rd8 27.Qe5+ Qd6 28.Rxd5  1-0

[Event "SVK-chT 9899"]
[Site "SVK"]
[Date "1999.??.??"]
[Round "10"]
[White "Brestak, Jan"]
[Black "Okos, Alexander"]
[Result "0-1"]
[WhiteElo "2195"]
[BlackElo "2120"]

1.e4 d6 2.d4 Nf6 3.Nc3 e5 4.Nf3 Nbd7 5.h3 Be7 6.g4 c6 7.Bg2 Qa5 8.Qe2 b5
9.dxe5 dxe5 10.Nd2 Nc5 11.f4 Nfd7 12.Nf3 b4 13.Nd1 Ba6 14.Qe3 Ne6 15.f5 Nf4
16.Rh2 Bc5 17.Qb3 Qb5 18.c4 Nxg2+ 19.Rxg2 Qxc4 20.Qxc4 Bxc4 21.Be3 Bxe3 22.Nxe3 Bd3
23.Rd2 Bxe4 24.Ng5 Nf6 25.Nc4 Bd5 26.Nxe5 O-O 27.O-O-O Bxa2 28.Nxc6 h6 29.Nf3 a5
30.Nfd4 Bd5 31.Ne7+ Kh7 32.Re1 Rfb8 33.h4 Ra7 34.g5 Ne4 35.g6+ fxg6 36.fxg6+ Kh8
37.Nxd5 Nxd2 38.Kxd2 Rd7 39.Re5 Rbd8 40.Ne7 Rxd4+ 41.Ke3 R4d6 42.Kf4 Re8
43.Rxa5 Rf6+ 44.Nf5 Rxg6 45.Rb5 h5 46.Kf3 Rf6 47.Kg3 g6 48.Nd4 Re3+ 49.Kg2 b3
50.Rb7 Re4 51.Rd7 Rg4+ 52.Kh3 Rf1 53.Rd8+ Kh7 54.Rd7+ Kg8 55.Kh2 Rd1 56.Rd8+ Kf7
57.Ne6 Rxd8  0-1

[Event "RUS-Cup"]
[Site "Tula "]
[Date "1999.??.??"]
[Round "4"]
[White "Patsuk, Leonid"]
[Black "Ivanov, Timur"]
[Result "0-1"]
[WhiteElo "2169"]
[BlackElo "2390"]

1.e4 d6 2.d4 Nf6 3.Nc3 e5 4.dxe5 dxe5 5.Qxd8+ Kxd8 6.Bc4 Be6 7.Bxe6 fxe6
8.Bg5 Nc6 9.O-O-O+ Bd6 10.f3 Ke7 11.Be3 h6 12.Nh3 a6 13.Nf2 Rhb8 14.Nd3 Nd7
15.Rhf1 Rf8 16.Na4 b6 17.c4 b5 18.c5 bxa4 19.Rf2 Rfc8 20.Kb1 Rab8 21.Rfd2 Nd4
22.cxd6+ cxd6 23.f4 Nb5 24.Ka1 exf4 25.Bxf4 e5 26.Be3 Nf6 27.Re2 a3 28.Nf2 axb2+
29.Rxb2 Rc4 30.Rc1 Rbc8 31.Re1 Nxe4 32.Nxe4 Rxe4 33.Rxb5 axb5 34.Bg5+ hxg5
35.Rxe4 Rc4 36.Re3 Ke6 37.Rb3 b4 38.Rg3 g4 39.Kb2 d5 40.h3 g5 41.hxg4 Kd6
42.a3 bxa3+ 43.Kxa3 e4 44.Kb3 Ke5 45.Rh3 Kf4 46.Rh8 e3  0-1

[Event "RUS-Cup"]
[Site "Tula "]
[Date "1999.??.??"]
[Round "6"]
[White "Vorobiov, Evgeny E"]
[Black "Chuprov, Dmitry"]
[Result "0-1"]
[WhiteElo "2477"]
[BlackElo "2400"]

1.e4 d6 2.d4 Nf6 3.Nc3 e5 4.dxe5 dxe5 5.Qxd8+ Kxd8 6.Bg5 Be6 7.g3 h6 8.Bxf6+ gxf6
9.O-O-O+ Kc8 10.f4 c6 11.Nf3 b5 12.fxe5 fxe5 13.Nxe5 Bg7 14.Nd3 Nd7 15.Nf4 Kc7
16.Nxe6+ fxe6 17.Ne2 Nc5 18.Nf4 Rhe8 19.Bh3 a5 20.Rhe1 Be5 21.c3 Rad8 22.Rxd8 Bxf4+
23.gxf4 Rxd8 24.Kc2 Nd3 25.Rf1 e5 26.fxe5 Nxe5 27.Rf2 a4 28.Be6 Rd6 29.Bf5 Rd3
30.a3 Re3 31.h4 Rg3 32.h5 Kd6 33.Bh7 Ng4 34.Rf7 Rh3 35.Bg6 Rh2+ 36.Kb1 Ne5
37.Rf8 Ke7 38.Rf1 Nc4 39.e5 Nd2+  0-1

[Event "RUS-Cup"]
[Site "Tula "]
[Date "1999.??.??"]
[Round "9"]
[White "Lastin, Alexander"]
[Black "Rashkovsky, Nukhim N"]
[Result "1-0"]
[WhiteElo "2558"]
[BlackElo "2525"]

1.e4 d6 2.d4 Nf6 3.Nc3 c6 4.Nf3 Bg4 5.h3 Bh5 6.Qe2 e6 7.g4 Bg6 8.h4 h5 9.g5 Nfd7
10.Bh3 Be7 11.Bf4 O-O 12.O-O b5 13.a3 Nb6 14.Bg3 a6 15.Ne1 d5 16.Nd3 dxe4
17.Ne5 Bd6 18.Nxg6 fxg6 19.Qxe4 Kh7 20.Bxe6 Bxg3 21.fxg3 Re8 22.Rae1 Qd6
23.Qxg6+ Kxg6 24.Bf5+ Kf7 25.Bh7+ Qf6 26.g6+ Kf8 27.Rxf6+ gxf6 28.Rxe8+ Kg7
29.Ne4 N8d7 30.Re7+  1-0

[Event "RUS-ch sf"]
[Site "Ufa"]
[Date "1999.??.??"]
[Round "5"]
[White "Alavkin, Arseny"]
[Black "Sufiyarov, Artur"]
[Result "1-0"]
[WhiteElo "2441"]
[BlackElo "2185"]

1.e4 d6 2.d4 Nf6 3.Nc3 e5 4.Nf3 Nbd7 5.Bc4 Be7 6.O-O O-O 7.Re1 c6 8.a4 b6
9.Bg5 a6 10.Qe2 Bb7 11.Rad1 Qc7 12.d5 b5 13.dxc6 bxc4 14.cxb7 Qxb7 15.Qxc4 Rfc8
16.Qa2 Rab8 17.Rb1 Bd8 18.Qa1 Qc6 19.Red1 h6 20.Bh4 Nc5 21.Bxf6 Bxf6 22.Re1 Rb4
23.Qa3 a5 24.Rbd1 Kh7 25.h3 Rd8 26.Qa2 Qb7 27.b3 Qc6 28.Qa1 Rc8 29.Nd2 Rd8
30.Nc4 Rd7 31.Nd5 Rb8 32.Nxa5 Qa6 33.Nc4 Rdd8 34.Nc7 Qc6 35.Nd5 Rbc8 36.a5 Ra8
37.Qc3 Ra7 38.Nxf6+ gxf6 39.Qe3 Kg7 40.b4  1-0

[Event "RUS-ch sf"]
[Site "Ufa"]
[Date "1999.??.??"]
[Round "8"]
[White "Timagin, Piotr"]
[Black "Prokopchuk, Evgeny"]
[Result "0-1"]
[WhiteElo "2283"]
[BlackElo "2489"]

1.e4 d6 2.d4 Nf6 3.Nc3 e5 4.Nge2 Be7 5.g3 O-O 6.Bg2 c6 7.O-O b5 8.h3 Bb7
9.dxe5 dxe5 10.Qxd8 Rxd8 11.Be3 Nbd7 12.Rfd1 a5 13.f3 a4 14.b3 a3 15.Rd2 Bc5
16.Kf2 Kf8 17.Rad1 Bxe3+ 18.Kxe3 Ke7 19.h4 b4 20.Nb1 c5 21.c4 Nf8 22.Rxd8 Rxd8
23.Rxd8 Kxd8 24.Bh3 Ng6 25.Nd2 Kc7 26.Nf1 Ne7 27.Kd3 Nc6 28.Ne3 Nd4 29.Nxd4 exd4
30.Nf1 g6 31.Nh2 Nh5 32.Nf1 Nf6 33.Nh2 Nh5 34.Nf1 Kd6 35.Bg4 Nf6 36.Nh2 Bc6
37.Bc8 Ba4 38.Kc2 d3+ 39.Kxd3 Bxb3 40.Nf1 Bxa2 41.Nd2 Bb1+  0-1

[Event "LTU-ch"]
[Site "Vilnius"]
[Date "1999.??.??"]
[Round "?"]
[White "Butnorius, Algimantas"]
[Black "Slapikas, Vytautas"]
[Result "1-0"]
[WhiteElo "2445"]
[BlackElo "2420"]

1.d4 d6 2.e4 Nf6 3.Nc3 c6 4.Bd3 e5 5.Nf3 Bg4 6.dxe5 dxe5 7.h3 Bxf3 8.Qxf3 Nbd7
9.O-O Qc7 10.a4 Be7 11.Bc4 Nc5 12.Qe2 O-O 13.f4 exf4 14.e5 Ne8 15.Bxf4 Ne6
16.Kh1 Rd8 17.Bh2 Qc8 18.Ne4 N8c7 19.Bd3 Nc5 20.Nf6+ Bxf6 21.Bf5 N7e6 22.exf6 g6
23.Bg4 a5 24.Bg1 b6 25.Bxc5 bxc5 26.Qe3 Kh8 27.Qh6 Rg8 28.Rae1 Rd6 29.Re4 Qf8
30.Qe3 Nd4 31.c3 Nb3 32.Re7 c4 33.Qf4 Rd2 34.Be2 Rxb2 35.Bxc4 g5 36.Qe5 Nd2
37.Bxf7 Nxf1 38.Bxg8 Re2  1-0

[Event "LTU-ch"]
[Site "Vilnius"]
[Date "1999.??.??"]
[Round "?"]
[White "Zukauskas, Kestutis"]
[Black "Abromaitis, Marius"]
[Result "1-0"]
[WhiteElo "2295"]
[BlackElo "2080"]

1.e4 d6 2.d4 Nf6 3.Nc3 c6 4.f4 Qa5 5.Bd3 e5 6.Nf3 Bg4 7.Be3 exf4 8.Bxf4 Qb4
9.a3 Qxb2 10.Bd2 Qb6 11.Rb1 Qc7 12.O-O Be7 13.Qe1 Nbd7 14.Qg3 h5 15.e5 dxe5
16.dxe5 Nd5 17.Ne4 b5 18.c4 Nc5 19.cxd5 Nxd3 20.d6 Qb6+ 21.Kh1 f5 22.exf6 Bxf6
23.Nxf6+ gxf6 24.Bc3 Rf8 25.h3 Bf5 26.Nd4 Bh7 27.Qg7 O-O-O 28.Qxh7 Ne5 29.Nf5 Rh8
30.Qe7 Ng4 31.Bxf6 Rd7 32.Bxh8 Nf2+ 33.Rxf2 Qxf2  1-0

[Event "LTU-ch"]
[Site "Vilnius"]
[Date "1999.??.??"]
[Round "?"]
[White "Godlauskas, Kazys"]
[Black "Sakalauskas, Vaidas"]
[Result "1/2-1/2"]
[WhiteElo "2221"]
[BlackElo "2450"]

1.e4 d6 2.d4 Nf6 3.Nc3 c6 4.Nf3 Bg4 5.Be2 e6 6.O-O Be7 7.h3 Bh5 8.Bf4 O-O
9.Qd2 d5 10.exd5 cxd5 11.Ne5 Bxe2 12.Nxe2 Qb6 13.c3 Nc6 14.Nxc6 bxc6 15.b4 a5
16.a3 Ra6 17.Qe3 Rfa8 18.Rab1 axb4 19.axb4 Ra3 20.Bg5 Qa6 21.Bxf6 Bxf6 22.f4 Qc4
23.Kh1 g6 24.Rf3 Ra2 25.Re1 Rc2 26.f5 exf5 27.Ng3 Kh8 28.Nxf5 gxf5 29.Rg3 Rg8
30.Qh6 Be7 31.Rxg8+ Kxg8 32.Qe3 Bh4 33.Qf4 Bf6 34.Qxf5 Qxc3 35.Re8+ Kg7 36.Qg4+ Kh6
37.Qf4+ Kg7 38.Qg4+ Kh6 39.Qf4+  1/2-1/2

[Event "Wisla Hugart op (Women)"]
[Site "Warsaw"]
[Date "1999.??.??"]
[Round "?"]
[White "Sorokina, Anastasia"]
[Black "Shumiakina, Tatiana"]
[Result "1-0"]
[WhiteElo "2181"]
[BlackElo "2407"]

1.e4 d6 2.d4 Nf6 3.Nc3 e5 4.Nge2 Nbd7 5.h3 c6 6.g3 b5 7.a3 Bb7 8.Bg2 a5 9.Be3 Be7
10.O-O Qc7 11.g4 b4 12.Nb1 c5 13.d5 Ba6 14.Re1 Nb6 15.Nd2 O-O 16.Ng3 Rfe8
17.Nf5 Bf8 18.g5 Nfd7 19.Qh5 c4 20.Nf3 Nc5 21.Nh2 g6 22.Nh6+ Bxh6 23.Qxh6 Bc8
24.Bf3 Rf8 25.Bg4 f5 26.gxf6 bxa3 27.Rxa3 Rxf6 28.Bg5 Rf7 29.Bxc8 Rxc8 30.Ng4 Nbd7
31.Qh4 Kg7 32.Nh6 Rff8 33.Rg3 Kh8 34.Be7 Rf4 35.Rg4 Re8 36.Rxf4 exf4 37.Bxd6 Qb6
38.e5 Nb7 39.Nf7+ Kg8 40.Nh6+ Kh8 41.Nf7+ Kg8 42.Qxf4 Nxd6 43.Nxd6 Rf8 44.Qe3 Qb4
45.c3 Qxb2 46.e6 Ne5 47.e7  1-0

[Event "Zagreb op"]
[Site "Zagreb"]
[Date "1999.??.??"]
[Round "4"]
[White "Devide, Zoran"]
[Black "Nikolov, Sasho"]
[Result "0-1"]
[WhiteElo "2245"]
[BlackElo "2395"]

1.e4 d6 2.d4 Nf6 3.Nc3 c6 4.Bg5 Qb6 5.Qd2 Qxb2 6.Rb1 Qa3 7.e5 Nd5 8.Nxd5 cxd5
9.c4 dxe5 10.cxd5 exd4 11.Bb5+ Nd7 12.Ne2 Qc5 13.Qxd4 Qxd4 14.Nxd4 a6 15.Bxd7+ Kxd7
16.O-O h6 17.Bf4 g5 18.Be5 Rg8 19.Rb6 h5 20.Rc1 g4 21.Bf4 Kd8 22.a4 Rg6 23.Kf1 Rxb6
24.Bc7+ Kd7 25.Bxb6 Kd6 26.Nb3 Kxd5 27.Rc5+ Kd6 28.Rxh5 f5 29.Rh8 Be6 30.Nd4 Bd7
31.a5 Rc8 32.Ke2 e5 33.Nb3 Kd5 34.Rh7 Bb5+ 35.Kd1 Ba4  0-1

[Event "Zagreb op"]
[Site "Zagreb"]
[Date "1999.??.??"]
[Round "5"]
[White "Mihalincic, Irena"]
[Black "Biti, Ozren"]
[Result "0-1"]
[WhiteElo "2080"]
[BlackElo "2225"]

1.e4 d6 2.d4 Nf6 3.Nc3 c6 4.Nge2 Nbd7 5.g3 e5 6.Bg2 b5 7.a3 Be7 8.h3 Bb7
9.Be3 a5 10.O-O O-O 11.g4 b4 12.Nb1 d5 13.axb4 axb4 14.Rxa8 Qxa8 15.dxe5 Nxe5
16.Bd4 Ng6 17.e5 Nd7 18.f4 c5 19.Bf2 Nb6 20.c3 bxc3 21.bxc3 Nc4 22.Nd2 Rd8
23.Nb3 d4 24.Bxb7 Qxb7 25.cxd4 Nh4  0-1

[Event "Zagreb op"]
[Site "Zagreb"]
[Date "1999.??.??"]
[Round "9"]
[White "Kutuzovic, Branko"]
[Black "Kosanski, Stanko"]
[Result "0-1"]
[WhiteElo "2465"]
[BlackElo "2409"]

1.e4 d6 2.d4 Nf6 3.Nc3 c6 4.f3 Nbd7 5.g4 e5 6.Nge2 g6 7.Be3 h5 8.g5 Nh7 9.h4 Be7
10.Qd2 Qa5 11.Nc1 O-O 12.f4 exf4 13.Bxf4 Re8 14.a4 Qd8 15.Nb3 d5 16.O-O-O Bb4
17.exd5 cxd5 18.Qh2 Bxc3 19.bxc3 Nb6 20.Nc5 Bg4 21.Bb5 Bxd1 22.Rxd1 Qe7 23.Bd6 Qe3+
24.Kb2 Nc4+ 25.Bxc4 dxc4 26.Nxb7  0-1

[Event "Israeli League"]
[Site "Ramat Aviv ISR"]
[Date "2000.01.14"]
[Round "1"]
[White "Beider,A"]
[Black "Oratovsky,M"]
[Result "1-0"]
[WhiteElo "2318"]
[BlackElo "2491"]

1.e4 d6 2.d4 Nf6 3.Nc3 Nbd7 4.f4 e5 5.Nf3 exd4 6.Qxd4 c6 7.Be3 d5 8.O-O-O Bc5
9.Qd3 Qe7 10.e5 Ng4 11.Bd4 Nf2 12.Bxf2 Bxf2 13.Qe2 Bc5 14.g4 h5 15.Ng5 Nxe5
16.Re1 Nxg4 17.Nxd5 Qxe2 18.Bxe2 O-O 19.Ne4 cxd5 20.Nxc5 Nf6 21.Bf3 b6 22.Nd3 Bf5
23.Re5 g6 24.Rg1 Be4 25.Bxh5 Nxh5 26.Rxh5 Kg7 27.Re5 Rh8 28.f5 Kf6 29.fxg6 Bxd3
30.g7 Rhg8 31.Rxd5 Bg6 32.h4 Rxg7 33.h5 Be4 34.Rd6+ Ke5 35.Rxg7 Kxd6 36.Rxf7 a6
37.Rf6+ Kc7 38.Rf4 Re8 39.h6 Re7 40.Kd2 Kd6 41.c4 Ke5 42.Rh4 Kd4 43.b4 Re8
44.c5 b5 45.Rg4 Rh8 46.Rh4 Re8 47.Rg4 Ke5 48.Kc3 Bf5 49.Rh4 Rd8 50.Rh5 Kf6
51.Rh2 Rd3+ 52.Kb2 Rd7 53.Kc3 Rd3+ 54.Kb2 Bh7 55.Rf2+ Ke5 56.Rf7 Bf5 57.c6 Rd2+
58.Kb3 Be6+ 59.Kc3 Rd6 60.c7 Rc6+ 61.Kd2 Bxf7 62.h7 Rxc7 63.h8=Q+  1-0

[Event "Extraliga CZE"]
[Site "Ostrava CZE"]
[Date "2000.01.15"]
[Round "6"]
[White "Virostko,P"]
[Black "Vokac,M"]
[Result "0-1"]
[WhiteElo "2253"]
[BlackElo "2494"]

1.e4 d6 2.d4 Nf6 3.Nc3 c6 4.f4 Qa5 5.Qd2 g6 6.e5 dxe5 7.fxe5 Nd5 8.Bc4 Be6
9.Nf3 Nc7 10.Bd3 c5 11.O-O Nc6 12.Be4 cxd4 13.Bxc6+ bxc6 14.Nxd4 Bc4 15.Re1 Ne6
16.Nxe6 Bxe6 17.Ne4 Qxd2 18.Bxd2 Bg7 19.Nc5 Bf5 20.c3 O-O-O 21.Bg5 Rd5 22.Bxe7 Re8
23.Bd6 Bxe5 24.Bxe5 Rdxe5 25.Rxe5 Rxe5 26.Nb3 c5 27.Rd1 Kc7 28.Kf2 Be6 29.Nd2 Rd5
30.Ke3 c4 31.Rf1 Re5+ 32.Kd4 Re2 33.Nxc4 Rxg2 34.Ne5 Rd2+ 35.Ke3 Rxb2 36.Nxf7 Rxh2
37.Ng5 Bxa2 38.Ra1 Kb6 39.Nxh7 Kc5 40.Ng5 Rb2 41.Ne4+ Kc4 42.Rg1 Rb6 43.Rg5 Bb1
44.Rc5+ Kb3 45.Nd2+ Kc2 46.Nxb1 Rxb1 47.Ra5 Rb7 48.Ra6 Rg7 49.c4 Kc3 50.c5 Kc4
51.Rc6 Kd5 52.Rc8 Re7+ 53.Kf4 Re6 54.Kg5 a6 55.Kf4 Rc6 56.Rd8+ Kxc5 57.Rd1 a5
58.Rc1+ Kb5 59.Rb1+ Ka6 60.Ra1 Rc4+ 61.Kg5 a4 62.Kxg6 Ka5 63.Kf5 Kb4 64.Ke5 a3
65.Kd5 Rh4  0-1

[Event "Belgian Interteams 1999-2000"]
[Site "Antwerp BEL"]
[Date "2000.01.23"]
[Round "8"]
[White "Baert,A"]
[Black "Van Houtte,T"]
[Result "1/2-1/2"]
[WhiteElo "2195"]
[BlackElo "2235"]

1.e4 d6 2.d4 Nf6 3.Nc3 e5 4.dxe5 dxe5 5.Qxd8+ Kxd8 6.Bg5 Be6 7.O-O-O+ Nd7
8.f4 exf4 9.e5 h6 10.Bh4 g5 11.exf6 gxh4 12.Nf3 c6 13.Kb1 Kc7 14.Nxh4 Nxf6
15.Bd3 Ng4 16.Rdf1 Bd6 17.Ne2 Ne3 18.Rf2 Rhg8 19.Nxf4 Bxf4 20.Rxf4 Nxg2 21.Nxg2 Rxg2
22.Rh4 Rh8 23.Rf1 h5 24.b3 Rg4 25.Rh3 Rg5 26.Rh4 Rd8 27.Bc4 Rd2 28.Bxe6 fxe6
29.Rf7+ Kb6 30.Rb4+ Rb5 31.Re4 a5 32.Rxe6 Rxh2 33.Ree7 Ka6 34.a4 Rb4 35.Re5 Rd4
36.Rff5 Rd1+ 37.Kb2 Rdd2 38.Rxa5+ Kb6 39.Rac5 h4 40.Rc3 Rd5 41.Rxd5 cxd5
42.b4 Rg2 43.Rc8 Rg4 44.c3 h3 45.Rh8 Rg2+ 46.Kb3 Rg3 47.Rh6+ Kc7 48.Kc2 Kd7
49.Rh7+ Kc6 50.Rh6+ Kc7 51.Rh7+ Kb6 52.Rh6+ Ka7 53.Rh5 Rg2+ 54.Kd3 h2 55.a5 Ka6
56.Kd4 Rg4+ 57.Kc5 Rc4+  1/2-1/2

[Event "V Ubeda Open"]
[Site "Ubeda ESP"]
[Date "2000.01.25"]
[Round "7"]
[White "Fernandez Romero,Ern"]
[Black "Stocek,J"]
[Result "1/2-1/2"]
[WhiteElo "2285"]
[BlackElo "2496"]

1.e4 d6 2.d4 Nf6 3.Nc3 Nbd7 4.Nf3 e5 5.Bc4 Be7 6.O-O O-O 7.Qe2 c6 8.a4 exd4
9.Nxd4 Re8 10.Re1 d5 11.Bd3 c5 12.Nf5 Bf8 13.Qd1 d4 14.Nd5 Nxd5 15.exd5 Rxe1+
16.Qxe1 Nf6 17.Qe5 Bxf5 18.Qxf5 Qxd5 19.Bg5 Qxf5 20.Bxf5 Ne8 21.b3 Nd6 22.Bd3 Rc8
23.a5 h6 24.Bf4 c4 25.bxc4 Nxc4 26.Ra4 Na3 27.Rxd4 Nxc2 28.Rd7 g5 29.Bc7 Re8
30.h4 Nb4 31.hxg5 Nxd3 32.Rxd3 hxg5 33.Rb3 Re1+ 34.Kh2 Re7 35.Bd8 Rd7 36.Bxg5 Rd5
37.Be3 Bd6+ 38.Kh3 Bc5 39.Bxc5 Rxc5 40.Rxb7 Rxa5 41.f4  1/2-1/2

[Event "Rapidplay"]
[Site "Aubervilliers FRA"]
[Date "2000.01.30"]
[Round "8"]
[White "Hamdouchi,H"]
[Black "Bauer,Ch"]
[Result "1-0"]
[WhiteElo "2513"]
[BlackElo "2517"]

1.e4 d6 2.d4 Nf6 3.Nc3 Nbd7 4.Nf3 e5 5.Bc4 Be7 6.O-O O-O 7.a4 c6 8.Re1 b6
9.Ba2 a6 10.h3 Rb8 11.Qd3 b5 12.axb5 axb5 13.Ne2 c5 14.c3 c4 15.Qc2 Ra8 16.Ng3 Bb7
17.b3 cxb3 18.Qxb3 Bc6 19.Bb2 Ra4 20.Qc2 g6 21.c4 bxc4 22.Bxc4 Rxa1 23.Rxa1 exd4
24.Bxf7+ Kxf7 25.Ng5+ Kg8 26.Qc4+ Kh8 27.Qxc6 Ne5 28.Qb7 Qd7 29.Qxd7 Nfxd7
30.Ne6 Rb8 31.Bxd4 Bf6 32.Rd1 Nf7 33.Bxf6+ Nxf6 34.f4 Re8 35.f5 Kg8 36.Rb1 d5
37.exd5 Nxd5 38.Rb7 Nd6 39.Rg7+ Kh8 40.Rd7 Nxf5 41.Nxf5 gxf5 42.Ng5 Ne7 43.Kf2 Kg8
44.Kf3 h6 45.Ne6 Kf7 46.Nf4 Kf6 47.Rd6+ Kg7 48.Nh5+ Kf7 49.Rf6+ Kg8 50.Rxh6 Nd5
51.Rd6 Re3+ 52.Kf2 Rd3 53.Rxd5 Rxd5 54.Nf6+  1-0

[Event "5th HIT Open"]
[Site "Nova Gorica SLO"]
[Date "2000.02.02"]
[Round "2"]
[White "Fercec,N"]
[Black "Asylguzhin,R"]
[Result "1-0"]
[WhiteElo "2464"]
[BlackElo "2254"]

1.e4 d6 2.d4 Nf6 3.Nc3 Nbd7 4.Be3 e5 5.f3 Be7 6.Nge2 O-O 7.Qd2 c6 8.O-O-O b5
9.g4 Qa5 10.Ng3 Rd8 11.g5 Ne8 12.Nf5 Bf8 13.h4 b4 14.Nb1 Ba6 15.h5 Bxf1 16.Rdxf1 Qxa2
17.g6 fxg6 18.hxg6 hxg6 19.Nh4 exd4 20.Bxd4 Ne5 21.Qg2 c5 22.Bxe5 dxe5 23.Nxg6 Bd6
24.f4 exf4 25.e5 Bxe5 26.Rh8+ Kf7 27.Nxe5+ Ke6 28.Qg6+ Nf6 29.Rxd8 Rxd8 30.Qf7+ Kxe5
31.Qxa2 g5 32.Qxa7 Rd5 33.c4  1-0

[Event "5th HIT Open"]
[Site "Nova Gorica SLO"]
[Date "2000.02.04"]
[Round "4"]
[White "Bednarich,J"]
[Black "Anakiev,D"]
[Result "0-1"]
[WhiteElo "2246"]
[BlackElo "2061"]

1.e4 d6 2.d4 Nf6 3.Nc3 c6 4.f4 Qa5 5.Bd3 e5 6.Nf3 Nbd7 7.O-O Be7 8.Kh1 O-O
9.Bd2 Qc7 10.a4 b6 11.Qe2 Bb7 12.dxe5 dxe5 13.Nh4 Rfe8 14.f5 a6 15.Nf3 b5
16.Ng5 Nc5 17.Rf3 Rad8 18.Rh3 h6 19.Nf3 Bf8 20.g4 b4 21.g5 bxc3 22.gxf6 cxd2
23.Rg1 g6 24.fxg6 fxg6 25.Rxg6+ Kf7 26.Ng5+ Kxg6 27.Qh5+ Kxf6 28.Rf3+ Ke7
29.Rf7+ Kd6 30.Rxc7 Kxc7 31.Nf7 Nxd3  0-1

[Event "NED-chT"]
[Site "Amsterdam NED"]
[Date "2000.02.06"]
[Round "2"]
[White "Ellenbroek,T"]
[Black "De Graaff,R"]
[Result "0-1"]
[WhiteElo "2077"]
[BlackElo "2269"]

1.e4 d6 2.d4 Nf6 3.Nc3 Nbd7 4.Nf3 e5 5.Bc4 Be7 6.Ng5 O-O 7.Bxf7+ Rxf7 8.Ne6 Qe8
9.Nxc7 Qd8 10.Nxa8 b5 11.dxe5 dxe5 12.Nd5 Bd6 13.Bg5 Bb7 14.Qd2 Bxa8 15.O-O-O Bf8
16.f3 Qc8 17.Qa5 Nxd5 18.exd5 Qc5 19.Rhe1 Bxd5 20.Be3 Qc6 21.Bxa7 e4 22.Qd2 Bxa2
23.Rxe4 Nf6 24.Qa5 Nxe4 25.Qxa2 Qh6+ 26.Kb1 Nd2+ 27.Ka1 Nc4 28.b3 Ne3 29.Bxe3 Qxe3
30.Kb1 Ra7 31.Qb2 Be7 32.c3 Bf6 33.Kc2 b4 34.Rd3 Qe2+  0-1

[Event "Goodricke Open"]
[Site "Calcutta IND"]
[Date "2000.02.12"]
[Round "7"]
[White "Ravi,T"]
[Black "Koneru,H"]
[Result "1-0"]
[WhiteElo "2373"]
[BlackElo "2244"]

1.e4 d6 2.d4 Nf6 3.Nc3 c6 4.a4 Qa5 5.Bd3 e5 6.dxe5 dxe5 7.h3 Na6 8.Nf3 Nb4
9.Bc4 Be7 10.O-O O-O 11.Bg5 Re8 12.Qe2 h6 13.Be3 Nh5 14.Ng5 Bxg5 15.Qxh5 Be6
16.Bxe6 Rxe6 17.Bxg5 hxg5 18.Rac1 Qd8 19.Rfd1 Qe7 20.Rd2 Rd8 21.Rcd1 Red6
22.Rxd6 Rxd6 23.Rxd6 Qxd6 24.Qe2 Qd4 25.Kf1 Na6 26.Qd1 Nc5 27.Qxd4 exd4 28.b4 Ne6
29.Ne2 Kf8 30.Ke1 Ke7 31.Kd2 Kd6 32.Kd3 c5 33.bxc5+ Kxc5 34.g3 Kb4 35.f4 gxf4
36.gxf4 Kxa4 37.f5 Nc5+ 38.Kxd4 Kb5 39.e5 Kc6 40.h4 a5 41.h5 Nd7 42.Nc3 b5
43.Nd5 Nf8 44.Nf4 Nh7 45.e6 Ng5 46.Nh3 Nf3+ 47.Ke4 Nd2+ 48.Kd3 Nc4 49.Ng5 f6
50.Ne4 a4 51.Kc3 Ne3 52.Nxf6 Nxf5 53.Ne8 Kd5 54.Nxg7 Nxg7 55.h6 Nxe6 56.h7 a3
57.h8=Q a2 58.Qa8+ Kc5 59.Qxa2 b4+ 60.Kd2 Nd4 61.Qa5+ Nb5 62.Ke3 Kc4 63.Qa6  1-0

[Event "Petroff Mem Open"]
[Site "St Petersburg RUS"]
[Date "2000.02.12"]
[Round "5"]
[White "Aleksandrov,A"]
[Black "Genba,V"]
[Result "1-0"]
[WhiteElo "2606"]
[BlackElo "2454"]

1.d4 d6 2.e4 Nf6 3.Nc3 e5 4.Nf3 Nbd7 5.Bc4 Be7 6.O-O O-O 7.a4 c6 8.Ba2 Qe8
9.Re1 Bd8 10.b4 a5 11.b5 Bb6 12.h3 exd4 13.Nxd4 Qe5 14.Be3 Nxe4 15.Nxe4 Qxe4
16.Nxc6 Bxe3 17.Rxe3 Qf4 18.Ne7+ Kh8 19.Nd5 Qh6 20.Qe1 Nc5 21.Nb6 Rb8 22.Qxa5 Bf5
23.Qd2 Rbd8 24.Bd5 Be4 25.Bxe4 Nxe4 26.Qd5 f5 27.Rae1 Qh4 28.R1e2 Ng5 29.Re7 Ne4
30.Qxb7 Rb8 31.Qc7 Rxb6 32.R7xe4 fxe4 33.Qxb6 e3 34.Qxe3 Qxa4 35.Qd3 h5 36.Qxd6 Rc8
37.Re5  1-0

[Event "Petroff Mem Open"]
[Site "St Petersburg RUS"]
[Date "2000.02.15"]
[Round "8"]
[White "Lunev,A"]
[Black "Akhmetov,A"]
[Result "1/2-1/2"]
[WhiteElo "2491"]
[BlackElo "2438"]

1.e4 d6 2.d4 Nf6 3.Nc3 e5 4.Nf3 Nbd7 5.Be2 Be7 6.O-O O-O 7.Re1 c6 8.a4 Re8
9.Bf1 Bf8 10.d5 a5 11.b3 Qc7 12.Ba3 Nb6 13.h3 Bd7 14.Qd2 Rec8 15.Bb2 Qd8
16.Rad1 Rc7 17.dxc6 bxc6 18.Ba3 Ne8 19.Nh2 Qh4 20.Nf3 Qf6 21.Qe3 Rb7 22.Nb1 Be6
23.Ng5 Bc8 24.Nf3 Be7 25.Nbd2 Bd8 26.Qc3 Bd7 27.Nh2 h5 28.Nhf3 Bc7 29.Bc1 Bb8
30.Nc4 Nxc4 31.Bxc4 Ba7 32.Re2 Bc5 33.Ng5 Bc8 34.Qg3 g6 35.Rd3 Qg7 36.Be3 Bxe3
37.Qxe3 Kh8 38.f4 f6 39.Nf3 Qh6 40.fxe5 Qxe3+ 41.Rexe3 fxe5 42.Ng5 Kg7 43.Rf3 Re7
44.Rd2 Raa7 45.Rdf2 h4 46.Rf8 d5 47.exd5 Bf5 48.Rg8+ Kxg8 49.d6+ Kg7 50.dxe7 e4
51.Re2 Rxe7 52.Nf3 g5 53.Nd4 Bd7 54.c3 Nd6 55.Ba6 c5 56.Nb5 Nf5 57.Na3 Ng3
58.Re1 Be8 59.Kf2 Bf7 60.Bc4 Rd7 61.Bxf7 Rxf7+ 62.Ke3 Rd7 63.Nc4 Rd3+ 64.Kf2 Rxc3
65.Nxa5 Kf6 66.Nc4 Rxb3 67.Ra1 Rb4 68.Ne3 Rb2+ 69.Kg1 Rb7 70.a5 Ra7 71.Nc4 Ke6
72.a6 Kd5 73.Nb6+ Kc6 74.Nc4 Ne2+ 75.Kf2 Nd4  1/2-1/2

[Event "Portuguese Masters"]
[Site "Viseu POR"]
[Date "2000.02.17"]
[Round "6"]
[White "Morais,M POR"]
[Black "Ribeiro,F"]
[Result "0-1"]
[WhiteElo "2095"]
[BlackElo "2207"]

1.e4 d6 2.d4 Nf6 3.Nc3 c6 4.Be3 Ng4 5.Bg5 Qb6 6.Qd2 Qxb2 7.Rb1 Qa3 8.h3 Nf6
9.e5 Nd5 10.Rb3 Qa5 11.exd6 e6 12.Nxd5 Qxd2+ 13.Kxd2 cxd5 14.Bf4 Kd7 15.Nf3 Bxd6
16.Bxd6 Kxd6 17.c4 dxc4 18.Bxc4 Nc6 19.Ne5 Nxe5 20.dxe5+ Kxe5 21.Rd3 Kf6
22.Ke3 b6 23.Rhd1 Bb7 24.f3 Rhc8 25.Bb3 Rc7 26.Rd7 Rac8 27.R1d4 g5 28.h4 h6
29.hxg5+ hxg5 30.f4 g4 31.g3 Bc6 32.Rxc7 Rxc7 33.Rc4 Ke7 34.Bd1 f5 35.Ba4 Kd6  0-1

[Event "Open"]
[Site "Cannes FRA"]
[Date "2000.02.20"]
[Round "1"]
[White "Tournier,Math"]
[Black "Nezar,M"]
[Result "0-1"]
[WhiteElo "2091"]
[BlackElo "2315"]

1.e4 d6 2.d4 Nf6 3.Nc3 c6 4.f4 Qa5 5.Bd3 e5 6.Nf3 Bg4 7.dxe5 dxe5 8.fxe5 Nfd7
9.h3 Bxf3 10.Qxf3 Nxe5 11.Qg3 Nbd7 12.O-O g6 13.Bf4 Bg7 14.Nd1 O-O 15.Kh1 Rfe8
16.Qf2 Qc5 17.Ne3 Re7 18.Rad1 Qb4 19.b3 Nc5 20.Bxe5 Bxe5 21.Nc4 Nxd3 22.Rxd3 Bc7
23.e5 Qb5 24.a4 Qb4 25.Nd6 Rf8 26.Qf6 Re6 27.Qg5 f6 28.Qh6 Bxd6 29.exd6 Rxd6
30.Re3 Rd7 31.Re6 Qc3 32.Rfxf6  0-1

[Event "ch-Serbia"]
[Site "Kragujevac YUG"]
[Date "2000.02.21"]
[Round "3"]
[White "Vuckovic,Bo"]
[Black "Trifunovic,M"]
[Result "1-0"]
[WhiteElo "2427"]
[BlackElo "2279"]

1.e4 d6 2.d4 Nf6 3.Nc3 e5 4.Nf3 Nbd7 5.Bc4 Be7 6.O-O O-O 7.a4 c6 8.h3 h6
9.Be3 Re8 10.Qb1 d5 11.exd5 e4 12.Nd2 Nb6 13.dxc6 Nxc4 14.cxb7 Bxb7 15.Nxc4 Ba6
16.Qa2 Bb4 17.Ne5 Re6 18.Nb5 Nd7 19.c3 Nxe5 20.dxe5 Bf8 21.Rfd1 Qh4 22.Nc7 Rg6
23.Rd7 Be7 24.Nd5 Re8 25.Nf4 Rg5 26.Qd5 Rf5 27.Qxe4 g6 28.e6  1-0

[Event "16th open"]
[Site "Cappelle La Grande FRA"]
[Date "2000.02.22"]
[Round "5"]
[White "Sziebert,A"]
[Black "Eliet,N"]
[Result "1/2-1/2"]
[WhiteElo "2334"]
[BlackElo "2379"]

1.e4 d6 2.d4 Nf6 3.Nc3 Nbd7 4.f4 e5 5.Nf3 exd4 6.Qxd4 c6 7.Be3 d5 8.exd5 Bc5
9.Qd3 Qe7 10.Kd2 O-O 11.Re1 cxd5 12.Bxc5 Qxc5 13.Qd4 Qa5 14.Kc1 Nc5 15.Bd3 Rd8
16.Re5 Ne6 17.Qf2 Nxf4 18.Bf5 Qb6 19.Nd4 Bxf5 20.Qxf4 Be4 21.Nxe4 Nxe4 22.Nf5 Qf6
23.Rd1 g6 24.Ne7+ Kg7 25.Nxd5 Rxd5 26.Qxf6+ Nxf6 27.Rexd5 Nxd5 28.Rxd5 Re8  1/2-1/2

[Event "16th open"]
[Site "Cappelle La Grande FRA"]
[Date "2000.02.23"]
[Round "6"]
[White "Sokolov,An"]
[Black "Mohebbi,J"]
[Result "1-0"]
[WhiteElo "2565"]
[BlackElo "2316"]

1.e4 d6 2.d4 Nf6 3.Nc3 e5 4.dxe5 dxe5 5.Qxd8+ Kxd8 6.Bc4 Be6 7.Bxe6 fxe6
8.f3 Bc5 9.Na4 Bb4+ 10.c3 Bd6 11.Be3 Nbd7 12.b3 Ke7 13.Nh3 h6 14.Nf2 Nh5
15.g3 Raf8 16.Ke2 g5 17.Rad1 Rf7 18.Rd3 Rhf8 19.Rhd1 b5 20.Nb2 Nc5 21.Bxc5 Bxc5
22.Rd7+ Kf6 23.Ng4+ Kg7 24.Nxe5 Rxd7 25.Rxd7+ Kg8 26.Ng4  1-0

[Event "Masters"]
[Site "Monaco MNC"]
[Date "2000.02.23"]
[Round "4"]
[White "Caposciutti,M"]
[Black "Dunis,A"]
[Result "0-1"]
[WhiteElo "2344"]
[BlackElo "2254"]

1.e4 d6 2.d4 Nf6 3.Nc3 Nbd7 4.g3 e5 5.Nge2 c6 6.Bg2 b5 7.a3 Be7 8.O-O O-O
9.h3 Bb7 10.g4 a5 11.Ng3 b4 12.Nb1 exd4 13.Qxd4 d5 14.axb4 c5 15.bxc5 Bxc5
16.Qd1 Nxe4 17.Nxe4 dxe4 18.Nc3 Re8 19.Be3 Qc7 20.Bxc5 Nxc5 21.Qd4 Ne6 22.Qe3 Nf4
23.Rfd1 Ra6 24.Nb5 Qe5 25.Nd4 h5 26.gxh5 Rd6 27.Ne2 Nxg2 28.Kxg2 Rf6 29.b4 Rf3
30.Rxa5 Qe6 31.Qg5 e3 32.Kf1 exf2  0-1